000 00614cam a2200217 a 4500
001 898303
005 20180222072508.0
008 810806s1981 nyu b 001 0 eng
010 _a 81011355
020 _a0814734162 :
_c$25.00
040 _aDLC
_cDLC
_dDLC
041 _aeng
080 _a330.1 HUT
082 0 0 _a330.1 HUT
_219
100 1 _a52
101 _aEKO
245 1 4 _aThe politics and philosophy of economics :
_cT.W. Hutchison.
504 _aIncludes bibliographies and index.
906 _a7
_bcbc
_corignew
_d1
_eocip
_f19
_gy-gencatlg
942 _2ddc
_cBK
999 _c43191
_d43191